Statystyki dla Kraje najbliższe Korei Południowej

Kliknij tutaj aby rozwiązać quiz!

Ogólne statystyki

  • Ten quiz został rozwiązany 242 razy
    (241 od ostatniego zresetowania)
  • Średni wynik to 15 z 21

Statystyki odpowiedzi

kmkraj% Poprawnych
50Japonia
98%
0Korea Północna
98%
263Chiny
97%
455Rosja
91%
2712Indie
86%
3334Indonezja
82%
1040Mongolia
80%
2221Wietnam
80%
1434Filipiny
74%
2766Tajlandia
72%
2603Laos
71%
990Tajwan
67%
2789Kambodża
66%
2615Mjanma
64%
3014Malezja
63%
3323Bhutan
60%
3301Bangladesz
59%
3217Kazachstan
58%
3334Brunei
40%
2879Mikronezja
27%
2956Palau
21%

Rozkład punktacji

Percentyl według liczby udzielonych odpowiedzi

Procent ludzi z każdym wynikiem

Twoja historia wyników

Nie rozwiązałeś tego quizu od ostatniego zresetowania